Rozpoznaj film po kadrze #4 - Statystyki

Ogólne statystyki
  • Ten quiz został rozwiązany 72 razy
  • Średni wynik to 7 z 20
Statystyki odpowiedzi
Obrazkowy Odpowiedź % Poprawnych
Ojciec chrzestny
95%
Harry Potter i Książę Półkrwi
85%
Seksmisja
84%
Gwiezdne wojny: Część IV - Nowa nadzieja
79%
Marsjanin
62%
Bękarty wojny
54%
Sherlock Holmes: Gra cieni
46%
Ostatni samuraj
28%
Anastazja
26%
Więzień nienawiści
25%
Donnie Darko
23%
Indiana Jones i Świątynia Zagłady
23%
Wołyń
21%
Hooligans
13%
Sędzia
11%
Wszystko za życie
11%
Byliśmy żołnierzami
10%
Hotel Ruanda
8%
Jeniec: Tak daleko jak nogi poniosą
8%
American Gangster
7%
Nie znaleziono quizów pasujących do podanych kryteriów
Rozkład punktacji
Procent ludzi z każdym wynikiem
Percentyl według liczby udzielonych odpowiedzi
Twoja historia wyników
Nie rozwiązałeś tego quizu